Europas Länder - Statistiken

Allgemein
  • Dieses Quiz wurde 137 mal gespielt
    46 seit der letzten Aktualisierung
  • Das Durchschnittsergebnis liegt bei 44 aus 46
Antwortstatistiken
Antwort % Korrekt
Belgien
100%
Bosnien
100%
Deutschland
100%
Estland
100%
Frankreich
100%
Griechenland
100%
Lettland
100%
Litauen
100%
Luxemburg
100%
Österreich
100%
Portugal
100%
Russland
100%
Schweiz
100%
Spanien
100%
Andorra
98%
Bulgarien
98%
Dänemark
98%
Finnland
98%
Island
98%
Kroatien
98%
Liechtenstein
98%
Niederlande
98%
Nordmazedonien
98%
Polen
98%
San Marino
98%
Schweden
98%
Slowakei
98%
Slowenien
98%
Tschechien
98%
Ungarn
98%
Vatikanstadt
98%
Albanien
96%
Malta
96%
Monaco
96%
Montenegro
96%
Norwegen
96%
Rumänien
96%
Serbien
96%
Ukraine
96%
Irland
93%
Italien
93%
Kosovo
93%
Vereinigtes Königreich
93%
Belarus
91%
Moldau
80%
Türkei
73%
Keine übereinstimmenden Quizze gefunden
Verteilung der Resultate
Anzahl Personen mit jedem Resultat
Perzentil nach korrekt beantworteten Fragen
Ihre Resultats-Entwicklung
Sie haben dieses Quiz seit der letzten Aktualisierung nicht gespielt